[Event "Toronto"]
[Site "Toronto CAN"]
[Date "2012.04.02"]
[Round "2"]
[White "Kleinman, Michael"]
[Black "Barron, Michael"]
[Result "1/2-1/2"]
[WhiteElo "2383"]
[BlackElo "2266"]
[PlyCount "92"]
[GameId "2160767909509976"]
[EventDate "2012.03.26"]
[EventType "tourn"]
[EventRounds "9"]
[EventCountry "CAN"]
[SourceTitle "EXT 2022"]
[Source "ChessBase"]
[SourceDate "2021.10.06"]
[SourceVersion "1"]
[SourceVersionDate "2021.10.06"]
[SourceQuality "1"]

1. e4 e5 2. Nf3 Nc6 3. Bb5 a6 4. Ba4 Nf6 5. O-O Be7 6. Re1 b5 7. Bb3 O-O 8. a4 b4 9. d3 d6 10. a5 Be6 11. Nbd2 Nd7 12. Bd5 Bxd5 13. exd5 Na7 14. d4 c6 15. dxe5 Nxe5 16. Nf1 Nxf3+ 17. Qxf3 c5 18. Qe2 Bf6 19. Qxa6 Qd7 20. Qd3 Nb5 21. Nd2 Rfe8 22. Rxe8+ Rxe8 23. Kf1 Qe7 24. Nf3 Nd4 25. Bd2 Nxf3 26. Qxf3 Bxb2 27. Re1 Qd7 28. Rxe8+ Qxe8 29. Qd3 g6 30. Qa6 Kg7 31. Qc4 Qa4 32. a6 Be5 33. g3 h5 34. Kg2 Qa5 35. Bg5 Kf8 36. Bd8 Qa4 37. Bc7 Ke7 38. Bb8 Kd7 39. a7 Kc8 40. f4 Bd4 41. Qe2 Kb7 42. Kh3 Ka8 43. Qe7 Qxc2 44. Qxd6 Qf5+ 45. Kg2 Qe4+ 46. Kh3 Qf5+ 1/2-1/2

[Event "Toronto"]
[Site "Toronto CAN"]
[Date "2012.04.02"]
[Round "2"]
[White "Plotkin, Victor"]
[Black "Sapozhnikov, Roman"]
[Result "1-0"]
[WhiteElo "2399"]
[BlackElo "2528"]
[PlyCount "55"]
[GameId "2160767909509977"]
[EventDate "2012.03.26"]
[EventType "tourn"]
[EventRounds "9"]
[EventCountry "CAN"]
[SourceTitle "EXT 2022"]
[Source "ChessBase"]
[SourceDate "2021.10.06"]
[SourceVersion "1"]
[SourceVersionDate "2021.10.06"]
[SourceQuality "1"]

1. e4 e6 2. d4 d5 3. Nc3 Nf6 4. exd5 exd5 5. Bd3 Bg4 6. Nge2 Nc6 7. f3 Bh5 8. Bg5 Be7 9. Qd2 Nb4 10. Nf4 Bg6 11. Bxg6 hxg6 12. a3 Nc6 13. O-O-O Kf8 14. h4 Qd7 15. Bxf6 Bxf6 16. Ncxd5 Bxd4 17. Nb4 Nxb4 18. axb4 Rd8 19. c3 Qc6 20. Kb1 Bf6 21. Qxd8+ Bxd8 22. Rxd8+ Ke7 23. Rxh8 Qc4 24. Re1+ Kf6 25. Re4 Qf1+ 26. Kc2 Qf2+ 27. Kb3 Qd2 28. Rd4 1-0

[Event "Toronto"]
[Site "Toronto CAN"]
[Date "2012.04.02"]
[Round "2"]
[White "Renteria, Rolando"]
[Black "Song, Michael"]
[Result "0-1"]
[WhiteElo "2267"]
[BlackElo "2217"]
[PlyCount "38"]
[GameId "2160767909509978"]
[EventDate "2012.03.26"]
[EventType "tourn"]
[EventRounds "9"]
[EventCountry "CAN"]
[SourceTitle "EXT 2022"]
[Source "ChessBase"]
[SourceDate "2021.10.06"]
[SourceVersion "1"]
[SourceVersionDate "2021.10.06"]
[SourceQuality "1"]

1. e4 c5 2. Nf3 Nc6 3. d3 d6 4. g3 g6 5. Bg2 Bg7 6. O-O Nf6 7. c3 O-O 8. Re1 Rb8 9. d4 cxd4 10. cxd4 Qb6 11. e5 Bg4 12. Nc3 dxe5 13. dxe5 Nd7 14. e6 Nde5 15. Be3 Qxb2 16. Na4 Qb4 17. a3 Qa5 18. Nc5 Bxf3 19. Bxf3 Qxe1+ 0-1

[Event "Toronto"]
[Site "Toronto CAN"]
[Date "2012.04.02"]
[Round "2"]
[White "Samsonkin, Artiom"]
[Black "Humphreys, Michael"]
[Result "1-0"]
[WhiteElo "2568"]
[BlackElo "2330"]
[PlyCount "53"]
[GameId "2160767909509979"]
[EventDate "2012.03.26"]
[EventType "tourn"]
[EventRounds "9"]
[EventCountry "CAN"]
[SourceTitle "EXT 2022"]
[Source "ChessBase"]
[SourceDate "2021.10.06"]
[SourceVersion "1"]
[SourceVersionDate "2021.10.06"]
[SourceQuality "1"]

1. e4 c6 2. Nc3 d5 3. Nf3 Nf6 4. Qe2 Bg4 5. d3 e6 6. Bd2 Bb4 7. h3 Bxf3 8. Qxf3 Qa5 9. a3 d4 10. Nb1 Bxd2+ 11. Nxd2 Nbd7 12. Qg3 h5 13. Be2 h4 14. Qd6 Qc5 15. Nc4 a5 16. Qc7 Ke7 17. O-O Rhc8 18. Qxb7 Rab8 19. Qa6 Ra8 20. Qb7 Rab8 21. b4 Rxb7 22. bxc5 a4 23. Nd6 Nxc5 24. Nxc8+ Kd7 25. e5 Nd5 26. Nd6 Rb2 27. Bf3 1-0

[Event "Toronto"]
[Site "Toronto CAN"]
[Date "2012.04.02"]
[Round "2"]
[White "Southam, David"]
[Black "Birarov, Vladimir"]
[Result "0-1"]
[WhiteElo "2222"]
[BlackElo "2261"]
[PlyCount "86"]
[GameId "2160767909509980"]
[EventDate "2012.03.26"]
[EventType "tourn"]
[EventRounds "9"]
[EventCountry "CAN"]
[SourceTitle "EXT 2022"]
[Source "ChessBase"]
[SourceDate "2021.10.06"]
[SourceVersion "1"]
[SourceVersionDate "2021.10.06"]
[SourceQuality "1"]

1. d4 Nf6 2. c4 e6 3. Nc3 Bb4 4. e3 O-O 5. Nge2 Re8 6. a3 Bf8 7. Ng3 d6 8. Be2 Nbd7 9. O-O e5 10. Qc2 g6 11. d5 h5 12. e4 h4 13. Nh1 h3 14. g3 a5 15. Be3 Nc5 16. b4 Na6 17. Qd1 Bd7 18. Rb1 Qc8 19. Qd2 Ng4 20. Bxg4 Bxg4 21. f3 Bd7 22. Nf2 axb4 23. axb4 c5 24. dxc6 bxc6 25. b5 Nc5 26. bxc6 Bxc6 27. Nd5 Bxd5 28. cxd5 Ra3 29. Rbc1 Qa6 30. Bxc5 dxc5 31. Nxh3 c4 32. Rc2 Bc5+ 33. Kh1 c3 34. Qg2 Rb8 35. Rfc1 Be3 36. Qf1 Bxc1 37. Qxa6 Rxa6 38. Rxc1 Ra2 39. d6 c2 40. Ng1 Rd8 41. Ne2 Rxd6 42. Nc3 Rb2 43. Kg1 Rd3 0-1

[Event "Toronto"]
[Site "Toronto CAN"]
[Date "2012.04.16"]
[Round "3"]
[White "Barron, Michael"]
[Black "Renteria, Rolando"]
[Result "1-0"]
[WhiteElo "2266"]
[BlackElo "2267"]
[PlyCount "75"]
[GameId "2160767909509981"]
[EventDate "2012.03.26"]
[EventType "tourn"]
[EventRounds "9"]
[EventCountry "CAN"]
[SourceTitle "EXT 2022"]
[Source "ChessBase"]
[SourceDate "2021.10.06"]
[SourceVersion "1"]
[SourceVersionDate "2021.10.06"]
[SourceQuality "1"]

1. e4 e5 2. Nf3 Nc6 3. Bb5 a6 4. Ba4 Bc5 5. c3 b5 6. Bc2 Qf6 7. O-O d6 8. d4 Bb6 9. Be3 Bg4 10. d5 Nce7 11. Nbd2 h6 12. h3 Bd7 13. Nh2 g5 14. a4 Kf8 15. axb5 Bxb5 16. c4 Bd7 17. Ba4 Bc8 18. c5 Ba7 19. Rc1 h5 20. cxd6 cxd6 21. Rc7 Bb8 22. Rxc8+ Nxc8 23. Bc6 Ra7 24. Qb3 Bc7 25. Rc1 Nge7 26. Bxa7 Nxa7 27. Bd7 Nb5 28. Rxc7 Nxc7 29. Qb8+ Ne8 30. Nc4 Kg7 31. Bxe8 g4 32. Nxd6 gxh3 33. Qc7 Qg5 34. g3 h4 35. Nxf7 Qf6 36. Nxh8 hxg3 37. fxg3 Qg5 38. Nf1 1-0

[Event "Toronto"]
[Site "Toronto CAN"]
[Date "2012.04.16"]
[Round "3"]
[White "Birarov, Vladimir"]
[Black "Samsonkin, Artiom"]
[Result "1-0"]
[WhiteElo "2261"]
[BlackElo "2568"]
[PlyCount "75"]
[GameId "2160767909509982"]
[EventDate "2012.03.26"]
[EventType "tourn"]
[EventRounds "9"]
[EventCountry "CAN"]
[SourceTitle "EXT 2022"]
[Source "ChessBase"]
[SourceDate "2021.10.06"]
[SourceVersion "1"]
[SourceVersionDate "2021.10.06"]
[SourceQuality "1"]

1. Nf3 Nf6 2. g3 g6 3. Bg2 Bg7 4. O-O O-O 5. d4 d6 6. a4 a5 7. Nc3 Nbd7 8. e4 e5 9. dxe5 dxe5 10. Qe2 c6 11. Rd1 Qe7 12. b3 Rd8 13. Ba3 Qe8 14. Bd6 Nf8 15. Bxe5 Bg4 16. Rxd8 Rxd8 17. Bc7 Rd7 18. Bxa5 Bxf3 19. Qxf3 Qe5 20. Bb4 Ne6 21. Rd1 Nd4 22. Qd3 Nxb3 23. Bd6 Qd4 24. Qxd4 Nxd4 25. e5 Ne8 26. Rxd4 Nxd6 27. f4 Kf8 28. Rd3 Ke7 29. exd6+ Rxd6 30. Rxd6 Kxd6 31. Ne4+ Kc7 32. Ng5 Kb6 33. Nxf7 Bf8 34. Kf2 Be7 35. Ng5 h6 36. Nf7 Ka5 37. Nxh6 Kxa4 38. Be4 1-0

[Event "Toronto"]
[Site "Toronto CAN"]
[Date "2012.04.16"]
[Round "3"]
[White "Humphreys, Michael"]
[Black "Plotkin, Victor"]
[Result "1/2-1/2"]
[WhiteElo "2330"]
[BlackElo "2399"]
[PlyCount "117"]
[GameId "2160767909509983"]
[EventDate "2012.03.26"]
[EventType "tourn"]
[EventRounds "9"]
[EventCountry "CAN"]
[SourceTitle "EXT 2022"]
[Source "ChessBase"]
[SourceDate "2021.10.06"]
[SourceVersion "1"]
[SourceVersionDate "2021.10.06"]
[SourceQuality "1"]

1. d4 d5 2. Nf3 Nf6 3. c4 e6 4. g3 dxc4 5. Bg2 Be7 6. O-O O-O 7. Na3 c5 8. Nxc4 Nc6 9. dxc5 Bxc5 10. b3 Qe7 11. Bb2 Rd8 12. Qc2 Nd5 13. Rac1 Bd7 14. Nce5 Nxe5 15. Qxc5 Qxc5 16. Rxc5 Nxf3+ 17. Bxf3 Bc6 18. Rfc1 f6 19. h4 Rd7 20. e3 Rad8 21. a3 Kf7 22. Bg2 Nxe3 23. fxe3 Bxg2 24. Kxg2 Rd2+ 25. Kf3 Rxb2 26. Rc7+ Kg6 27. Rxb7 a5 28. Rcc7 Rg8 29. a4 f5 30. Re7 Kf6 31. Rf7+ Kg6 32. Rfe7 Kf6 33. Rf7+ Kg6 34. Kf4 Rf2+ 35. Ke5 Rf3 36. h5+ Kh6 37. Kxe6 Re8+ 38. Kd7 Rexe3 39. Rb6+ g6 40. hxg6 hxg6 41. Rff6 Rd3+ 42. Kc7 Rxg3 43. Rxf5 Rxb3 44. Rxa5 Rgc3+ 45. Rc6 Rxc6+ 46. Kxc6 g5 47. Rb5 Ra3 48. a5 g4 49. Kb7 g3 50. a6 g2 51. Rb1 Rb3+ 52. Rxb3 g1=Q 53. Rb6+ Kh7 54. a7 Qg7+ 55. Ka6 Qa1+ 56. Kb7 Qg7+ 57. Ka8 Qg8+ 58. Kb7 Qf7+ 59. Kb8 1/2-1/2

[Event "Toronto"]
[Site "Toronto CAN"]
[Date "2012.04.16"]
[Round "3"]
[White "Sapozhnikov, Roman"]
[Black "Kleinman, Michael"]
[Result "0-1"]
[WhiteElo "2528"]
[BlackElo "2383"]
[PlyCount "96"]
[GameId "2160767909509984"]
[EventDate "2012.03.26"]
[EventType "tourn"]
[EventRounds "9"]
[EventCountry "CAN"]
[SourceTitle "EXT 2022"]
[Source "ChessBase"]
[SourceDate "2021.10.06"]
[SourceVersion "1"]
[SourceVersionDate "2021.10.06"]
[SourceQuality "1"]

1. d4 Nf6 2. c4 g6 3. Nc3 d5 4. cxd5 Nxd5 5. e4 Nxc3 6. bxc3 Bg7 7. Nf3 c5 8. Be3 Qa5 9. Qd2 O-O 10. Rb1 b6 11. Rc1 Rd8 12. d5 e6 13. c4 Qxd2+ 14. Nxd2 Na6 15. Bd3 Nb4 16. Bb1 exd5 17. cxd5 Bb2 18. Rd1 Ba6 19. Nb3 Rac8 20. Bc1 Bc3+ 21. Bd2 Nxd5 22. Rc1 Bxd2+ 23. Kxd2 Nf4+ 24. Ke3 Ne2 25. Rc2 Rd3+ 26. Kxe2 Rxb3+ 27. Kd2 Rd8+ 28. Kc1 Rbd3 29. Rb2 R3d4 30. Re1 Kf8 31. f4 Ke7 32. g3 Bd3 33. Bxd3 Rxd3 34. Rc2 R8d4 35. Kb2 Ke6 36. Rc3 h5 37. Rxd3 Rxd3 38. Kc2 c4 39. Rb1 Re3 40. a4 Kd6 41. e5+ Kc5 42. Rd1 Kb4 43. Rd7 Re2+ 44. Kd1 Rxh2 45. Rxa7 c3 46. Rb7 c2+ 47. Kc1 Kc3 48. Rc7+ Kb3 0-1

[Event "Toronto"]
[Site "Toronto CAN"]
[Date "2012.04.16"]
[Round "3"]
[White "Song, Michael"]
[Black "Southam, David"]
[Result "1/2-1/2"]
[WhiteElo "2217"]
[BlackElo "2222"]
[PlyCount "103"]
[GameId "2160767909509985"]
[EventDate "2012.03.26"]
[EventType "tourn"]
[EventRounds "9"]
[EventCountry "CAN"]
[SourceTitle "EXT 2022"]
[Source "ChessBase"]
[SourceDate "2021.10.06"]
[SourceVersion "1"]
[SourceVersionDate "2021.10.06"]
[SourceQuality "1"]

1. d4 e6 2. c4 f5 3. Nf3 Nf6 4. g3 d5 5. Bg2 c6 6. O-O Bd6 7. Nc3 O-O 8. Qc2 Qe7 9. Bg5 h6 10. Bf4 Bxf4 11. gxf4 Bd7 12. Ne5 Be8 13. Rab1 Nbd7 14. b4 Nxe5 15. fxe5 Nh5 16. f4 Kh8 17. e3 Rg8 18. c5 g5 19. Qf2 Rg7 20. Kh1 Bf7 21. Ne2 Rag8 22. Rg1 Be8 23. Bf1 Rg6 24. Rg2 a6 25. Ng3 gxf4 26. Nxh5 Rxg2 27. Bxg2 Bxh5 28. exf4 Qg7 29. Rb3 Qg4 30. Rg3 Qd1+ 31. Qg1 Rxg3 32. Qxd1 Bxd1 33. hxg3 Kg7 34. Kg1 Kf8 35. Bf1 Ke7 36. Kf2 Bg4 37. Ke1 Kd8 38. Kd2 Kc7 39. Kc3 Bd1 40. Bd3 Bg4 41. Kd2 h5 42. a4 b5 43. cxb6+ Kxb6 44. a5+ Kb7 45. Kc3 Bf3 46. Bf1 Bg4 47. Kd3 Bf3 48. Ke3 Bg4 49. Bd3 Ka7 50. Kd2 Kb7 51. Kc3 Bf3 52. Kc2 1/2-1/2

[Event "Toronto"]
[Site "Toronto CAN"]
[Date "2012.04.23"]
[Round "4"]
[White "Birarov, Vladimir"]
[Black "Song, Michael"]
[Result "1/2-1/2"]
[WhiteElo "2261"]
[BlackElo "2217"]
[PlyCount "82"]
[GameId "2160767909509986"]
[EventDate "2012.03.26"]
[EventType "tourn"]
[EventRounds "9"]
[EventCountry "CAN"]
[SourceTitle "EXT 2022"]
[Source "ChessBase"]
[SourceDate "2021.10.06"]
[SourceVersion "1"]
[SourceVersionDate "2021.10.06"]
[SourceQuality "1"]

1. e4 d6 2. d4 Nf6 3. Nc3 c6 4. Be2 Qa5 5. Bd2 Qc7 6. Nf3 e5 7. h3 Be7 8. O-O O-O 9. Be3 b5 10. a3 Nbd7 11. d5 a6 12. dxc6 Qxc6 13. a4 b4 14. Nd5 Nxd5 15. exd5 Qb7 16. c4 a5 17. Nd2 f5 18. f4 exf4 19. Bxf4 Qb6+ 20. Kh1 Bf6 21. Rb1 Nc5 22. Be3 Re8 23. Bg1 Qc7 24. Bf3 Bd7 25. b3 Re7 26. Qc2 Rae8 27. Bh2 Be5 28. Rbe1 Bxh2 29. Rxe7 Rxe7 30. Kxh2 Re3 31. Bd1 Qd8 32. Rf3 Qe7 33. Rxe3 Qxe3 34. Nf3 Ne4 35. Qe2 Qf4+ 36. Kg1 Qc1 37. Kh2 Qf4+ 38. Kg1 Kf7 39. Bc2 Qc1+ 40. Kh2 Qf4+ 41. Kg1 Qc1+ 1/2-1/2

[Event "Toronto"]
[Site "Toronto CAN"]
[Date "2012.04.23"]
[Round "4"]
[White "Kleinman, Michael"]
[Black "Humphreys, Michael"]
[Result "1-0"]
[WhiteElo "2383"]
[BlackElo "2330"]
[PlyCount "93"]
[GameId "2160767909509987"]
[EventDate "2012.03.26"]
[EventType "tourn"]
[EventRounds "9"]
[EventCountry "CAN"]
[SourceTitle "EXT 2022"]
[Source "ChessBase"]
[SourceDate "2021.10.06"]
[SourceVersion "1"]
[SourceVersionDate "2021.10.06"]
[SourceQuality "1"]

1. e4 c6 2. d4 d5 3. exd5 cxd5 4. c4 Nf6 5. Nc3 Nc6 6. Bg5 dxc4 7. Bxc4 h6 8. Be3 e6 9. Nf3 Bd6 10. O-O O-O 11. a3 b6 12. d5 exd5 13. Nxd5 Bb7 14. Bf4 Nxd5 15. Bxd6 Qxd6 16. Qxd5 Qxd5 17. Bxd5 Rfd8 18. Rfd1 Rd7 19. Bc4 Rad8 20. Rxd7 Rxd7 21. Kf1 Na5 22. Ne5 Re7 23. Bxf7+ Rxf7 24. Nxf7 Kxf7 25. Rc1 Nc6 26. b4 Ba6+ 27. Ke1 Bb5 28. Kd2 a6 29. f4 Kf6 30. Ke3 h5 31. g3 Ne7 32. Kd4 Nf5+ 33. Ke4 Ne7 34. Rc7 Ke6 35. Ra7 g6 36. Ke3 Nd5+ 37. Kd4 Kd6 38. Ra8 Ne7 39. a4 Nc6+ 40. Kc3 Bxa4 41. Rxa6 b5 42. Ra8 Bd1 43. Rg8 Ne7 44. Rd8+ Ke6 45. Rxd1 Nd5+ 46. Rxd5 Kxd5 47. Kd3 1-0

[Event "Toronto"]
[Site "Toronto CAN"]
[Date "2012.04.23"]
[Round "4"]
[White "Renteria, Rolando"]
[Black "Sapozhnikov, Roman"]
[Result "1-0"]
[WhiteElo "2267"]
[BlackElo "2528"]
[PlyCount "108"]
[GameId "2160767909509988"]
[EventDate "2012.03.26"]
[EventType "tourn"]
[EventRounds "9"]
[EventCountry "CAN"]
[SourceTitle "EXT 2022"]
[Source "ChessBase"]
[SourceDate "2021.10.06"]
[SourceVersion "1"]
[SourceVersionDate "2021.10.06"]
[SourceQuality "1"]

1. e4 c5 2. Nf3 e6 3. d4 cxd4 4. Nxd4 Nc6 5. Nc3 Qc7 6. Be3 Nf6 7. Be2 Be7 8. f4 d6 9. O-O O-O 10. Kh1 a6 11. a4 Re8 12. Bf3 Na5 13. Qe1 Nc4 14. Bc1 Rb8 15. b3 Na5 16. Bb2 Nc6 17. Nxc6 bxc6 18. Qg3 d5 19. exd5 cxd5 20. Bxd5 exd5 21. Nxd5 Qd8 22. Rad1 Nh5 23. Qf3 g6 24. Nf6+ Bxf6 25. Rxd8 Rxd8 26. Bxf6 Nxf6 27. Qc6 Kg7 28. h3 Bf5 29. Qxa6 Rd2 30. Re1 Rxc2 31. Re2 Rc1+ 32. Kh2 Rxb3 33. Qd6 h5 34. Qd2 Rbb1 35. Kg3 Rd1 36. Qa5 Rb3+ 37. Kh2 h4 38. Re1 Rd5 39. Qa7 Ne4 40. Qe7 Nf6 41. Rc1 Rd7 42. Qe1 Rg3 43. Rc3 Ne4 44. Re3 Rd2 45. Re2 Rxe2 46. Qxe2 Ra3 47. Qb2+ Rc3 48. a5 Kh7 49. a6 Rc4 50. Qb3 Nd2 51. Qa2 Nf1+ 52. Kg1 Ne3 53. Qd2 Nc2 54. Qd5 Be6 1-0

[Event "Toronto"]
[Site "Toronto CAN"]
[Date "2012.04.23"]
[Round "4"]
[White "Samsonkin, Artiom"]
[Black "Plotkin, Victor"]
[Result "1-0"]
[WhiteElo "2568"]
[BlackElo "2399"]
[PlyCount "61"]
[GameId "2160767909509989"]
[EventDate "2012.03.26"]
[EventType "tourn"]
[EventRounds "9"]
[EventCountry "CAN"]
[SourceTitle "EXT 2022"]
[Source "ChessBase"]
[SourceDate "2021.10.06"]
[SourceVersion "1"]
[SourceVersionDate "2021.10.06"]
[SourceQuality "1"]

1. e4 d6 2. d4 Nf6 3. Nc3 e5 4. Nf3 Nbd7 5. g4 exd4 6. Nxd4 Nc5 7. f3 g6 8. Be3 Bg7 9. Qd2 O-O 10. O-O-O Ne6 11. Nf5 gxf5 12. gxf5 Kh8 13. Rg1 Qe7 14. fxe6 fxe6 15. Rxg7 Qxg7 16. Bh6 Qf7 17. Bxf8 Qxf8 18. e5 dxe5 19. Qe3 Bd7 20. Qxe5 Bc6 21. Bb5 Bxb5 22. Nxb5 c6 23. Nc7 Rd8 24. Re1 Qh6+ 25. f4 Rd7 26. Nxe6 Re7 27. Rg1 Re8 28. Kb1 Rg8 29. Rg5 Rg6 30. a4 Kg8 31. Qxf6 1-0

[Event "Toronto"]
[Site "Toronto CAN"]
[Date "2012.04.23"]
[Round "4"]
[White "Southam, David"]
[Black "Barron, Michael"]
[Result "1-0"]
[WhiteElo "2222"]
[BlackElo "2266"]
[PlyCount "71"]
[GameId "2160767909509990"]
[EventDate "2012.03.26"]
[EventType "tourn"]
[EventRounds "9"]
[EventCountry "CAN"]
[SourceTitle "EXT 2022"]
[Source "ChessBase"]
[SourceDate "2021.10.06"]
[SourceVersion "1"]
[SourceVersionDate "2021.10.06"]
[SourceQuality "1"]

1. d4 f5 2. g3 Nf6 3. Bg2 g6 4. b4 e6 5. c3 Bg7 6. Nd2 O-O 7. e4 fxe4 8. Nxe4 Nxe4 9. Bxe4 Qf6 10. f4 d6 11. Nf3 Nd7 12. O-O e5 13. Qb3+ Kh8 14. Be3 Qe7 15. fxe5 dxe5 16. dxe5 Rxf3 17. Bxf3 Nxe5 18. Bf4 Bh3 19. Bg2 Bxg2 20. Kxg2 Nd3 21. Qc2 Qe4+ 22. Kg1 Qc4 23. Rf3 Nxb4 24. Qb3 Qc5+ 25. Be3 Qxc3 26. Qxc3 Bxc3 27. Rd1 Nc6 28. Rf7 Re8 29. Rdd7 Kg8 30. Bf4 Re2 31. Bh6 Re1+ 32. Kg2 Re2+ 33. Kh3 Re8 34. Rxc7 Bh8 35. Rxb7 Nd8 36. Rbe7 1-0

[Event "Toronto"]
[Site "Toronto CAN"]
[Date "2012.04.30"]
[Round "5"]
[White "Barron, Michael"]
[Black "Birarov, Vladimir"]
[Result "1-0"]
[WhiteElo "2266"]
[BlackElo "2261"]
[PlyCount "89"]
[GameId "2160767909509991"]
[EventDate "2012.03.26"]
[EventType "tourn"]
[EventRounds "9"]
[EventCountry "CAN"]
[SourceTitle "EXT 2022"]
[Source "ChessBase"]
[SourceDate "2021.10.06"]
[SourceVersion "1"]
[SourceVersionDate "2021.10.06"]
[SourceQuality "1"]

1. e4 c5 2. Nf3 Nc6 3. d4 cxd4 4. Nxd4 Nf6 5. Nc3 e5 6. Ndb5 d6 7. Nd5 Nxd5 8. exd5 Nb8 9. c4 Be7 10. Bd3 O-O 11. O-O a6 12. Nc3 f5 13. f4 Nd7 14. Kh1 g6 15. Be3 Bf6 16. Rc1 exf4 17. Bxf4 Be5 18. b4 Bxf4 19. Rxf4 b6 20. Na4 Bb7 21. c5 Bxd5 22. Rd4 Bf7 23. Rxd6 Qe7 24. Bxf5 Ne5 25. Be4 Rae8 26. Nxb6 Qh4 27. Qe1 Qh6 28. Qd2 Qh4 29. Rd4 Ng4 30. g3 Qh3 31. Nd7 Be6 32. Nxf8 Rxf8 33. Rd8 Nf2+ 34. Qxf2 Rxd8 35. Bg2 Qh6 36. Qf4 Qg7 37. c6 Qb2 38. c7 Rf8 39. Qe3 Qxa2 40. Kg1 Kg7 41. Bb7 Bc8 42. Qe5+ Kh6 43. Bxc8 Rxc8 44. Re1 Qc2 45. Qf4+ 1-0

[Event "Toronto"]
[Site "Toronto CAN"]
[Date "2012.04.30"]
[Round "5"]
[White "Humphreys, Michael"]
[Black "Renteria, Rolando"]
[Result "1/2-1/2"]
[WhiteElo "2330"]
[BlackElo "2267"]
[PlyCount "134"]
[GameId "2160767909509992"]
[EventDate "2012.03.26"]
[EventType "tourn"]
[EventRounds "9"]
[EventCountry "CAN"]
[SourceTitle "EXT 2022"]
[Source "ChessBase"]
[SourceDate "2021.10.06"]
[SourceVersion "1"]
[SourceVersionDate "2021.10.06"]
[SourceQuality "1"]

1. Nf3 Nf6 2. c4 g6 3. g3 Bg7 4. Bg2 c6 5. b3 Ne4 6. d4 Qa5+ 7. Nbd2 d6 8. O-O Nxd2 9. Qxd2 Qh5 10. Qg5 Bg4 11. Qxh5 Bxh5 12. Be3 O-O 13. Rad1 Na6 14. h3 f5 15. d5 c5 16. Rd2 h6 17. Nh2 g5 18. f4 Bc3 19. Rc2 Bf6 20. a3 Bg6 21. Rd2 Nc7 22. Nf3 g4 23. hxg4 fxg4 24. Ne1 Bc3 25. Rd1 b5 26. Nd3 a5 27. Rc1 Bg7 28. Bd2 Bd4+ 29. Kh2 Rf5 30. Nf2 a4 31. bxa4 Rxa4 32. cxb5 Rh5+ 33. Kg1 Rxa3 34. e3 Bb2 35. b6 Na6 36. Rb1 Bxb1 37. Rxb1 Ra1 38. Rxa1 Bxa1 39. Be4 c4 40. Nd1 Kf7 41. Bc3 Bxc3 42. Nxc3 e6 43. Kg2 Ke7 44. Bg6 Rh3 45. dxe6 Kxe6 46. e4 h5 47. Bf5+ Kf7 48. Bc8 Nb8 49. Ne2 Ke7 50. Bf5 Kd8 51. Ng1 c3 52. e5 dxe5 53. fxe5 Nc6 54. Nxh3 gxh3+ 55. Kxh3 Nxe5 56. Kh4 Nf3+ 57. Kxh5 Nd4 58. Be4 c2 59. Bxc2 Nxc2 60. g4 Nd4 61. Kg6 Nf3 62. Kf5 Kc8 63. Kf4 Nd4 64. Ke4 Ne6 65. Kf5 Nd4+ 66. Ke4 Ne6 67. Ke5 Ng5 1/2-1/2

[Event "Toronto"]
[Site "Toronto CAN"]
[Date "2012.04.30"]
[Round "5"]
[White "Plotkin, Victor"]
[Black "Kleinman, Michael"]
[Result "1/2-1/2"]
[WhiteElo "2399"]
[BlackElo "2383"]
[PlyCount "123"]
[GameId "2160767909509993"]
[EventDate "2012.03.26"]
[EventType "tourn"]
[EventRounds "9"]
[EventCountry "CAN"]
[SourceTitle "EXT 2022"]
[Source "ChessBase"]
[SourceDate "2021.10.06"]
[SourceVersion "1"]
[SourceVersionDate "2021.10.06"]
[SourceQuality "1"]

1. e4 c5 2. c3 d5 3. exd5 Qxd5 4. d4 Nf6 5. Nf3 Bg4 6. Be2 e6 7. h3 Bh5 8. O-O Nc6 9. Be3 cxd4 10. cxd4 Be7 11. Nc3 Qd6 12. Qa4 O-O 13. Rfd1 Rfd8 14. Rac1 a6 15. a3 Rac8 16. Bg5 Nd5 17. Bxe7 Ncxe7 18. Nxd5 Nxd5 19. Qb3 Nf4 20. Bf1 Qd5 21. Qxd5 Nxd5 22. g4 Bg6 23. Kh2 Ne7 24. Bg2 Be4 25. Ne5 Bxg2 26. Kxg2 f6 27. Nf3 Kf7 28. Kg3 g5 29. h4 h6 30. Rh1 Rxc1 31. Rxc1 Nc6 32. Rc4 Rd6 33. a4 Ke7 34. b4 b5 35. axb5 axb5 36. Rc5 Nxb4 37. Rxb5 Nc6 38. Rb6 Nd8 39. Rb4 Rd7 40. Ra4 Nc6 41. Kg2 Ra7 42. Rxa7+ Nxa7 43. hxg5 hxg5 44. Kf1 Nb5 45. Ke2 Kd6 46. Ke3 Nc3 47. Kd3 Nd1 48. Ke2 Nb2 49. Nd2 Kd5 50. Nb3 f5 51. gxf5 exf5 52. Ke3 Nd1+ 53. Ke2 Nc3+ 54. Kd3 Nb5 55. Ke3 Nc3 56. Kd3 Nd1 57. Ke2 Nc3+ 58. Kd3 Ne4 59. Ke3 f4+ 60. Kf3 Nf6 61. Nc5 Nh7 62. Nd3 1/2-1/2

[Event "Toronto"]
[Site "Toronto CAN"]
[Date "2012.04.30"]
[Round "5"]
[White "Song, Michael"]
[Black "Samsonkin, Artiom"]
[Result "1/2-1/2"]
[WhiteElo "2217"]
[BlackElo "2568"]
[PlyCount "98"]
[GameId "2160767909509994"]
[EventDate "2012.03.26"]
[EventType "tourn"]
[EventRounds "9"]
[EventCountry "CAN"]
[SourceTitle "EXT 2022"]
[Source "ChessBase"]
[SourceDate "2021.10.06"]
[SourceVersion "1"]
[SourceVersionDate "2021.10.06"]
[SourceQuality "1"]

1. d4 Nf6 2. c4 g6 3. g3 Bg7 4. Bg2 O-O 5. Nc3 d6 6. Nf3 a6 7. O-O Nc6 8. Qd3 Bf5 9. e4 Bg4 10. Be3 Nd7 11. Ne1 e5 12. d5 Nd4 13. f3 Nc5 14. Qd1 Bc8 15. b4 Nd7 16. Nc2 a5 17. a3 axb4 18. axb4 Rxa1 19. Nxa1 c5 20. bxc5 Qa5 21. Bxd4 exd4 22. Nb5 dxc5 23. f4 Nb6 24. Qd3 Qa4 25. Rc1 Rd8 26. Bf1 Bd7 27. Rb1 Bxb5 28. Rxb5 Nxd5 29. cxd5 Qxa1 30. Rxb7 Qe1 31. Rb1 Qa5 32. Qb3 g5 33. Qb6 Qxb6 34. Rxb6 d3 35. Kf2 f5 36. Ke3 c4 37. Bg2 fxe4 38. Bxe4 Re8 39. Re6 gxf4+ 40. gxf4 Rxe6 41. dxe6 Bb2 42. Bd5 Bc1+ 43. Kf3 Kf8 44. Bxc4 d2 45. Bb3 Ke7 46. f5 Kf6 47. Kg4 Ba3 48. h4 Bd6 49. h5 h6 1/2-1/2

[Event "Toronto"]
[Site "Toronto CAN"]
[Date "2012.05.07"]
[Round "6"]
[White "Renteria, Rolando"]
[Black "Plotkin, Victor"]
[Result "0-1"]
[WhiteElo "2267"]
[BlackElo "2399"]
[PlyCount "86"]
[GameId "2160767909509995"]
[EventDate "2012.03.26"]
[EventType "tourn"]
[EventRounds "9"]
[EventCountry "CAN"]
[SourceTitle "EXT 2022"]
[Source "ChessBase"]
[SourceDate "2021.10.06"]
[SourceVersion "1"]
[SourceVersionDate "2021.10.06"]
[SourceQuality "1"]

1. e4 e5 2. Nf3 Nf6 3. Nxe5 d6 4. Nf3 Nxe4 5. Nc3 Nxc3 6. dxc3 Be7 7. Bf4 Nc6 8. Qd2 Be6 9. O-O-O O-O 10. Kb1 Bf6 11. Ng5 Bf5 12. h4 Ne5 13. f3 h5 14. Be2 Re8 15. Rdg1 Qd7 16. Qd1 Qa4 17. Bc1 Nc4 18. Bd3 Re5 19. Ne4 Bxe4 20. fxe4 Ra5 21. Bxc4 Qxc4 22. a3 Rxa3 23. Qd5 Qxd5 24. exd5 Ra4 25. Re1 Bxh4 26. Re2 g6 27. b3 Rg4 28. Rh3 Bf6 29. Rf3 Be5 30. c4 f5 31. Bb2 Bxb2 32. Kxb2 Rf8 33. Rfe3 Kg7 34. Re7+ Rf7 35. Re8 h4 36. Ra8 a6 37. Ra7 b6 38. Rxa6 Re4 39. Rxe4 fxe4 40. Kc3 Kf6 41. Kd4 Kf5 42. Ra1 Kg4 43. Kxe4 Kg3 0-1